Antropología jurídica (Registro nro. 163805)
[ vista simple ]
| 000 -LEADER | |
|---|---|
| fixed length control field | 01291nam a2200289 4500 |
| 007 - PHYSICAL DESCRIPTION FIXED FIELD--GENERAL INFORMATION | |
| fixed length control field | cr|||| ||| |
| 008 - FIXED-LENGTH DATA ELEMENTS--GENERAL INFORMATION | |
| fixed length control field | 020306s2002 sp 000 0 spa d |
| 017 ## - | |
| -- | D.L.B.4120-02 |
| 020 ## - INTERNATIONAL STANDARD BOOK NUMBER | |
| International Standard Book Number | 8476586167 |
| 035 ## - | |
| -- | 12737 |
| 040 ## - CATALOGING SOURCE | |
| Original cataloging agency | SpMaUCDE |
| Modifying agency | BUS |
| -- | vLex |
| 080 ## - | |
| -- | 340.6:572(042) |
| 090 ## - | |
| -- | 5464 |
| -- | 5464 |
| 245 00 - TITLE STATEMENT | |
| Title | Antropología jurídica |
| Medium | [Recurso electrónico] : |
| Remainder of title | perspectivas socioculturales en el estudio del derecho / |
| Statement of responsibility, etc | Esteban krotz (ed.) ; Victoria Chenaut... [et al.] |
| 256 ## - | |
| -- | Servicio en línea |
| 260 ## - PUBLICATION, DISTRIBUTION, ETC. (IMPRINT) | |
| Place of publication, distribution, etc | Rubí (Barcelona) : |
| Name of publisher, distributor, etc | Anthropos [etc.], |
| Date of publication, distribution, etc | 2002. |
| 300 ## - PHYSICAL DESCRIPTION | |
| Extent | 1 recurso electrónico |
| 504 ## - BIBLIOGRAPHY, ETC. NOTE | |
| Bibliography, etc | Bibliog. |
| 506 ## - RESTRICTIONS ON ACCESS NOTE | |
| Terms governing access | Contenido disponible en los productos indicados |
| Authorized users | vLex Global |
| -- | vLex Global (Academic Edition, excluding Law Schools) |
| -- | vLex Global (U.S. Academic Edition, Law Schools) |
| -- | vLex Global (U.S. Academic Edition, excluding Law Schools) |
| -- | vLex Global (Academic Edition, Law Schools) |
| 650 04 - SUBJECT ADDED ENTRY--TOPICAL TERM | |
| Topical term or geographic name as entry element | Antropología legal. |
| 700 1# - ADDED ENTRY--PERSONAL NAME | |
| Personal name | Krotz, Esteban, |
| Relator term | ed. lit. |
| 700 1# - ADDED ENTRY--PERSONAL NAME | |
| Personal name | Chenaut, Victoria, |
| Relator term | coaut. |
| 740 0# - | |
| -- | vLex Libros (Servicio en línea) |
| 856 40 - LOCALIZACIÓN Y ACCESO ELECTRÓNICO | |
| Identificador Uniforme del Recurso (URI/URL) | https://app.vlex.com/#/sources/antropologia-juridica-perspectivas-socioculturales-en-el-estudio-del-derecho-12737 |
| 942 ## - | |
| -- | RAA |
| 999 ## - | |
| -- | 163805 |
| -- | 163805 |
No hay ítems disponibles.